000 00697nam a22002177a 4500
999 _c14945
_d14945
003 AR-CdUCM
008 190425b ||||| |||| 00| 0 spa d
020 _a978-607-735-511-3
040 _aMUNICIPALIDAD PROVINCIAL DEL CUSCO
_cBIBLIOTECA MUNICIPAL DEL CUSCO
082 _aPI / 808.06 /
_bI83
110 _aIsol
_933776
245 _aEl menino /
260 _aEspaña :
_bOceano travesía,
_c2015.
300 _bIlustraciones,
_c25 cm.
500 _aNo cuenta con numeración de paginas Una historia basada en hechos reales
650 _aHechos reales
_933930
650 _aLiteratura infantil
_9588
650 _aPrimera infancia
_924660
942 _2ddc
_cLIBROS
945 _adavv
_d25/04/2019